000 01060nam a22002537a 4500
005 20240305165445.0
007 cr|||| ||||
008 161204s2016 br |||||s|||| 00||0 por d
020 _a978-85-361-8878-2
035 _a14578
040 _avLex
090 _c6417
_d6417
100 1 _aBaria de Castilho, Paulo Cesar
245 1 0 _aPrática de Cálculos Trabalhistas
_h[Recurso electrónico] /
_cPaulo Cesar Baria de Castilho
250 _a4ª Edición
256 _aServicio en línea
260 _aSan Pablo:
_bLTR,
_c2016
300 _a1 recurso electrónico
506 1 _aDisponible solo en los productos indicados
_dvLex Global
_dvLex Global (Academic Edition, excluding Law Schools)
_dvLex Global (U.S. Academic Edition, Law Schools)
_dvLex Global (U.S. Academic Edition, excluding Law Schools)
_dvLex Global (Academic Edition, Law Schools)
650 0 4 _2Derecho Laboral y Seguridad Social
_zBrasil
740 0 _avLex Libros (Servicio en línea)
856 4 0 _uhttps://app.vlex.com/#/sources/pratica-calculos-trabalhistas-14578
942 _cRAA
999 _c164668
_d164668